Network performance modeling and simulation / (Record no. 16486)

000 -LEADER
fixed length control field 00653cam a22002057a 4500
020 ## - INTERNATIONAL STANDARD BOOK NUMBER
ISBN 9056995960
040 ## - CATALOGING SOURCE
Transcribing agency IWA
082 ## - DEWEY DECIMAL CLASSIFICATION NUMBER
Classification number 004 COR 1998 A002 Or.
245 00 - TITLE STATEMENT
Title Network performance modeling and simulation /
260 ## - PUBLICATION, DISTRIBUTION, ETC. (IMPRINT)
Place of publication [Australia] :
Name of publisher Gordon and Breach Science Publishers,
Year of publication c1998.
300 ## - PHYSICAL DESCRIPTION
Number of Pages xv, 315 p. :
Other physical details ill. ;
Dimensions 24 cm.
650 #0 - SUBJECT ADDED ENTRY--TOPICAL TERM
Topical Term Computer networks
650 #0 - SUBJECT ADDED ENTRY--TOPICAL TERM
Topical Term Telecommunication systems
650 #0 - SUBJECT ADDED ENTRY--TOPICAL TERM
Topical Term Network performance (Telecommunication)
700 1# - ADDED ENTRY--PERSONAL NAME
Personal name Walrand, Jean.
700 1# - ADDED ENTRY--PERSONAL NAME
Personal name Bagchi, Kallol K.
700 1# - ADDED ENTRY--PERSONAL NAME
Personal name Zobrist, George W.
856 42 - ELECTRONIC LOCATION AND ACCESS
Uniform Resource Identifier http://www.loc.gov/catdir/enhancements/fy0745/00278350-d.html
942 ## - ADDED ENTRY ELEMENTS (KOHA)
Koha item type សៀវភៅភាសាអង់គ្លេស
952 ## - LOCATION AND ITEM INFORMATION (KOHA)
Withdrawn status [LOCAL, KOHA] 0
Holdings
Permanent Location Date acquired Koha item type Lost status Shelving location Barcode Current Location Full call number
Library Block A2018-02-27សៀវភៅភាសាអង់គ្លេស A002A06478Library Block A004 COR 1998 A002 Or.
មជ្ឈមណ្ឌលឯការនៃសាកលវិទ្យាល័យភូមិន្ទកសិកម្មចំការដូង

Powered by Koha